00655cam a22002534a 45000010009000000050017000090080041000260100017000670200015000840350023000990400030001220410008001520420008001600430012001680800013001800820013001931000007002061010008002132450042002215040064002639060045003279420012003729990017003841372439320171218094535.0040920s2004 nyu b 001 0 eng  a 2004302047 a0743264584 a(OCoLC)ocm55950231 aIEBcIEBdSPPdOCLCQdDLC aeng apcc an-us--- a316 EVA a316 EVA1 a51 aSOC10aWhy marriage matters :cEvan Wolfson. aIncludes bibliographical references (p. 213-231) and index. a7bcbccorigresd2encipf20gy-gencatlg 2ddccBK c39122d39122